01344nam a22003017a 45000010005000000030006000050050017000110080041000280200018000690400023000870500016001100820008001261000037001342450066001712500041002372600036002783000040003145050007003545200370003615210018007315210018007496500053007676500022008207000034008429420015008769990015008919520136009067696FISKH20250731113941.0250731b cb ||||| |||| 00| 0 eng d a9780064406604 aDLCcDLCdDLCbeng aPZ7.F5768 H a8131 aFitzhugh, Louised (1928–1974)10aHarriet the spy /cWritten and illustrated by Louise Fitzhugh aThis edition first published in 1964 aNew York :bHarperTrophy,c1964 a298 pages :billustrations ;c20 cm aR  aA large print edition of the story about eleve-year-old Harriet, who is a spy, plans to be a writer, and keeps a secret notebook filled with thoughts and notes on her schoolmates and people she observes on her after school spy route. However, her classmates find out and read her notebook, retaliate, and she learns that writing is not to use against your friends. 8 a760 bLexile 8 aR bRaz-Plus  0aHarriet the Spy (Fictitious character)vFiction. 1aSchoolsvFiction. aFitzhugh, Louisedillustrator 2ddccBKn0 c7696d7696 00102ddc40708JUVFa002b002cTTP Oranged2025-07-31l0oFIT 813 PZ7.F5768 HpFISSE01509r2025-07-31 11:39:35t1w2025-07-31yBK